Applications for exclusions and restrictions to access land under the Countryside and Rights of Way Act 2000 (Record no. 117422)
[ view plain ]
| 000 -LEADER | |
|---|---|
| fixed length control field | 01234cam a2200253 4500 |
| 001 - CONTROL NUMBER | |
| control field | ABS67863 |
| 008 - FIXED-LENGTH DATA ELEMENTS--GENERAL INFORMATION | |
| fixed length control field | 040601n2004 000 0 eng u |
| 035 ## - SYSTEM CONTROL NUMBER | |
| System control number | (Sirsi) u126325 |
| 100 ## - MAIN ENTRY--PERSONAL NAME | |
| Personal name | Sydenham, A. |
| 245 ## - TITLE STATEMENT | |
| Title | Applications for exclusions and restrictions to access land under the Countryside and Rights of Way Act 2000 |
| 260 ## - PUBLICATION, DISTRIBUTION, ETC. | |
| Date of publication, distribution, etc. | 2004 |
| 490 ## - SERIES STATEMENT | |
| Series statement | Farm Tax Brief |
| Volume/sequential designation | 19(4) May 2004, 6-8(3) |
| 520 ## - SUMMARY, ETC. | |
| Summary, etc. | Discusses how the public's right of entry to access land may be excluded or restricted. Reasons for exclusions or restrictions include land management and where the landowner needs to take steps to avoid fire risk or danger to the public. Landowners can also apply to restrict or exclude access for up to 28 days in any calendar year. Lists the requirements imposed by the Access to the Countryside (Exclusions and Restrictions) (England) Regulations 2003. |
| 590 ## - LOCAL NOTE (RLIN) | |
| Local note | ABS |
| 590 ## - LOCAL NOTE (RLIN) | |
| Local note | ABS |
| 650 ## - SUBJECT ADDED ENTRY--TOPICAL TERM | |
| Topical term or geographic name entry element | COUNTRYSIDE AND RIGHTS OF WAY ACT 2000 |
| 650 ## - SUBJECT ADDED ENTRY--TOPICAL TERM | |
| Topical term or geographic name entry element | ACCESS TO THE COUNTRYSIDE (EXCLUSIONS AND RESTRICTIONS) (ENGLAND) REGULATIONS 2003 |
| 650 ## - SUBJECT ADDED ENTRY--TOPICAL TERM | |
| Topical term or geographic name entry element | RIGHT OF ACCESS |
| 650 ## - SUBJECT ADDED ENTRY--TOPICAL TERM | |
| Topical term or geographic name entry element | PUBLIC ACCESS |
| 650 ## - SUBJECT ADDED ENTRY--TOPICAL TERM | |
| Topical term or geographic name entry element | RESTRICTIONS |
| 650 ## - SUBJECT ADDED ENTRY--TOPICAL TERM | |
| Topical term or geographic name entry element | EXCLUSIONS |
| 690 ## - LOCAL SUBJECT ADDED ENTRY--TOPICAL TERM (OCLC, RLIN) | |
| Topical term or geographic name as entry element | PROPERTY AND LAND LAW |
| 942 ## - ADDED ENTRY ELEMENTS (KOHA) | |
| Suppress in OPAC | 0 |
| Withdrawn status | Lost status | Source of classification or shelving scheme | Damaged status | Not for loan | Home library | Current library | Shelving location | Date acquired | Total Checkouts | Full call number | Barcode | Date last seen | Copy number | Price effective from | Koha item type |
|---|---|---|---|---|---|---|---|---|---|---|---|---|---|---|---|
| Dewey Decimal Classification | London | London | Journal article | 01/06/2004 | ABS67863 | 126325-1001 | 06/08/2019 | 1 | 06/08/2019 | Journal article |